000 00552nam a22001817a 4500
005 20251108164215.0
008 250721s9999 xx 000 0 ara d
082 1 4 _a343.1/خال
100 1 _aشهاب، خالد
245 1 0 _aالكتاب الذهبي في صيغ الجنح المباشره :
_bيشتمل على جميع صيغ الجنح المباشره /
264 _c[19-].
300 _a283ص
650 1 7 _aالقانون الجنائي
650 1 7 _aالقضاء
650 1 7 _aالمحاكمات
942 _2ddc
_cBK
999 _c6358
_d6358